[Event "13sen.WMH 2003 Senioren"]
[Site "Bad Zwischenahn(17.11.-29.11.2003)"]
[Date "2003.11.29"]
[Round "4"]
[White "Geibel, Henning"]
[Black "Jakobsen, Henning"]
[Result "0-1"]
[WhiteElo "1088"]
[BlackElo "1634"]
[PlyCount "94"]


1. e4 c5 2. Bb5 a6 3. Be2 b5 4. Nf3 Bb7 5. d3 g6 6. O-O Bg7 7. c3 e6 8. Nbd2
Nc6 9. Nb3 d6 10. Re1 Nge7 11. a4 O-O 12. axb5 axb5 13. Bg5 Qc7 14. d4 c4 15.
Nbd2 h6 16. Bxe7 Nxe7 17. Rc1 h5 18. b3 d5 19. exd5 exd5 20. bxc4 bxc4 21. Ng5
Ra2 22. Bxh5 Nf5 23. Bxg6 fxg6 24. Ne6 Qd6 25. Nxf8 Bxf8 26. Re2 Bh6 27. Qe1
Bc6 28. Re6 Qd7 29. Rd1 Ba4 30. Rb1 Bxd2 31. Rb8+ Kf7 32. Rf6+ Kxf6 33. Qe5+
Kf7 34. h3 Bh6 35. Rb6 Bg7 36. Qf4 Ra1+ 37. Kh2 Re1 38. Qg5 Re6 39. Rb4 Bc6 40.
Qc1 Nd6 41. Qa1 Nb5 42. Qc1 Qd6+ 43. g3 Bxd4 44. cxd4 Qxb4 45. Qf4+ Kg7 46. Qb8
Qf8 47. Qb6 Qxf2+ 0-1

[Event "13sen.WMH 2003 Senioren"]
[Site "Bad Zwischenahn(17.11.-29.11.2003)"]
[Date "2003.11.29"]
[Round "4"]
[White "Gerhardt, Peter-Michael"]
[Black "Sattler, Franz"]
[Result "1-0"]
[WhiteElo "2016"]
[BlackElo "1884"]
[PlyCount "33"]


1. d4 Nf6 2. c4 e6 3. Nf3 b6 4. g3 Bb7 5. Bg2 c5 6. e3 Be7 7. O-O O-O 8. Nc3
Ne4 9. Nxe4 Bxe4 10. Bd2 cxd4 11. Nxd4 Bxg2 12. Kxg2 d5 13. Qf3 Bf6 14. Bb4 Re8
15. Rad1 Na6 16. Ba3 Bxd4 17. Rxd4 1-0

[Event "13sen.WMH 2003 Senioren"]
[Site "Bad Zwischenahn(17.11.-29.11.2003)"]
[Date "2003.11.29"]
[Round "4"]
[White "Giering, Gregor"]
[Black "Poschmann, Hans"]
[Result "1-0"]
[WhiteElo "1752"]
[BlackElo "1533"]
[PlyCount "93"]


1. b3 Nf6 2. Bb2 e6 3. e3 Be7 4. Nf3 O-O 5. c4 c5 6. Be2 Nc6 7. O-O b6 8. a3
Bb7 9. Qc2 h6 10. d4 cxd4 11. exd4 Rc8 12. Nbd2 d5 13. c5 Nb8 14. b4 a5 15. Qb3
bxc5 16. dxc5 Ne4 17. Nxe4 dxe4 18. Ne5 Bd5 19. Nc4 Nd7 20. Qg3 Bf6 21. Bxf6
Nxf6 22. Nxa5 Rxc5 23. bxc5 Qxa5 24. Rfc1 Rc8 25. Qc3 Qxc3 26. Rxc3 e3 27. Bf3
exf2+ 28. Kxf2 Kf8 29. a4 e5 30. Bxd5 Nxd5 31. Rcc1 Ke7 32. Rab1 Rc7 33. c6 Kd6
34. Rb7 Ne7 35. Rxc7 Kxc7 36. Rc3 e4 37. Rc5 g6 38. g4 Nxc6 39. Ke3 Kd6 40. Rb5
Ne5 41. h3 f5 42. gxf5 gxf5 43. Rb6+ Nc6 44. Kf4 Kc7 45. Rb5 Ne7 46. a5 h5 47.
a6 1-0

[Event "13sen.WMH 2003 Senioren"]
[Site "Bad Zwischenahn(17.11.-29.11.2003)"]
[Date "2003.11.29"]
[Round "4"]
[White "Girod, Gudrun"]
[Black "Boehm, Karl"]
[Result "0-1"]
[WhiteElo "1398"]
[BlackElo "1615"]
[PlyCount "100"]


1. d4 d5 2. Nf3 e6 3. e3 Nf6 4. Bd3 c5 5. c4 dxc4 6. Bxc4 cxd4 7. Bb5+ Bd7 8.
Bxd7+ Nbxd7 9. exd4 Be7 10. Nc3 O-O 11. Bg5 Nb6 12. O-O Nfd5 13. Nxd5 Nxd5 14.
Bxe7 Qxe7 15. a3 Rac8 16. Qd2 Rc7 17. Rac1 Rfc8 18. Rxc7 Qxc7 19. g3 h6 20. Rd1
Qc2 21. Qxc2 Rxc2 22. Rd2 Rc7 23. h4 f6 24. Re2 Kf7 25. Nh2 Rc4 26. Rd2 b5 27.
Nf1 Rc8 28. Ne3 Ke7 29. Nxd5+ exd5 30. f4 g6 31. Kf2 a5 32. Ke3 Ke6 33. g4 Kd6
34. Kd3 Re8 35. Re2 Rxe2 36. Kxe2 Ke6 37. Kf3 h5 38. gxh5 gxh5 39. Ke3 Kf5 40.
Kf3 a4 41. Ke3 Kg4 42. f5 Kxh4 43. Kd3 Kg3 44. Kc3 h4 45. Kb4 h3 46. Kxb5 h2
47. Kxa4 h1=Q 48. b4 Qd1+ 49. Ka5 Qxd4 50. a4 Qa7+ 0-1

[Event "13sen.WMH 2003 Senioren"]
[Site "Bad Zwischenahn(17.11.-29.11.2003)"]
[Date "2003.11.29"]
[Round "4"]
[White "Glaser, Heinz-Alfred"]
[Black "Baumgartner, Walter,Dr."]
[Result "0-1"]
[WhiteElo "1683"]
[BlackElo "2046"]
[PlyCount "96"]


1. e4 e6 2. d4 d5 3. e5 c5 4. c3 Qb6 5. Bd3 Bd7 6. Ne2 Bb5 7. O-O Bxd3 8. Qxd3
Nc6 9. a3 a5 10. a4 Nh6 11. Na3 c4 12. Qc2 Bxa3 13. bxa3 Nf5 14. Rb1 Qc7 15.
Qb2 Rb8 16. Qb6 Kd7 17. Bd2 h6 18. Rb5 Qxb6 19. Rxb6 Kc7 20. Rfb1 Nfe7 21. Ng3
Na7 22. Be3 Nec6 23. f4 Nb4 24. R6xb4 axb4 25. axb4 Ra8 26. f5 Nc6 27. Ra1 b6
28. fxe6 fxe6 29. Nf1 Ra7 30. Bc1 Rha8 31. a5 bxa5 32. b5 Nd8 33. Ba3 Nb7 34.
Rb1 Kd7 35. Ng3 a4 36. Nh5 Rg8 37. Rf1 Nd8 38. Bf8 a3 39. Bxg7 Kc7 40. Bf6 Kb6
41. Nf4 Kxb5 42. Bxd8 Rxd8 43. Nxe6 Rc8 44. Rb1+ Ka4 45. Rb4+ Ka5 46. Rb1 a2
47. Ra1 Kb5 48. Nf4 Kc6 0-1

[Event "13sen.WMH 2003 Senioren"]
[Site "Bad Zwischenahn(17.11.-29.11.2003)"]
[Date "2003.11.29"]
[Round "4"]
[White "Glende, Siegfried"]
[Black "Weber, Gerhard,Dr.[34Levk]"]
[Result "0-1"]
[WhiteElo "1763"]
[BlackElo "1879"]
[PlyCount "138"]


1. c4 Nf6 2. Nc3 g6 3. g3 Bg7 4. Bg2 d6 5. e4 O-O 6. Nge2 e5 7. O-O Nc6 8. d3
Nh5 9. f4 exf4 10. Nxf4 Nxf4 11. Bxf4 Nd4 12. Qd2 Be6 13. h3 c6 14. Kh2 f5 15.
Bh6 Rf7 16. Bxg7 Kxg7 17. Rf2 Qd7 18. Raf1 Raf8 19. Qe3 c5 20. e5 Qc7 21. exd6
Qxd6 22. Qf4 Qxf4 23. gxf4 Re7 24. Bd5 Rfe8 25. Bxe6 Rxe6 26. Nd5 Re2 27. Kg2
Kf7 28. Rxe2 Nxe2 29. Kf2 Nd4 30. Re1 Rxe1 31. Kxe1 g5 32. Kf2 g4 33. hxg4 fxg4
34. Kg3 h5 35. Kh4 Nf5+ 36. Kxh5 g3 37. Nc3 Nd4 38. Ne4 g2 39. Ng5+ Kf6 40. Nh3
Ne2 41. Kg4 g1=Q+ 42. Nxg1 Nxg1 43. Kg3 Kf5 44. Kf2 Nh3+ 45. Ke3 Nxf4 46. d4 b6
47. dxc5 bxc5 48. a3 Ke5 49. b4 Ne6 50. Kd3 Kd6 51. Kc3 Nf4 52. Kb3 Kc6 53.
bxc5 Kxc5 54. Ka4 Ne6 55. Kb3 Nd4+ 56. Kc3 Nc6 57. Kb3 Na5+ 58. Kc3 Nxc4 59.
Kb3 Kb5 60. a4+ Kc5 61. Kc3 Na5 62. Kb2 Kb4 63. Ka2 Kxa4 64. Kb2 Kb4 65. Ka2
Nc4 66. Kb1 Kb3 67. Ka1 a5 68. Kb1 Ne3 69. Ka1 a4 0-1

[Event "13sen.WMH 2003 Senioren"]
[Site "Bad Zwischenahn(17.11.-29.11.2003)"]
[Date "2003.11.29"]
[Round "4"]
[White "Gohlke, Karl-Heinz"]
[Black "Spindler, Egbert"]
[Result "1-0"]
[WhiteElo "1880"]
[BlackElo "1771"]
[PlyCount "53"]


1. d4 d5 2. c4 Nf6 3. cxd5 Nxd5 4. Nf3 e6 5. e4 Bb4+ 6. Bd2 Bxd2+ 7. Qxd2 Ne7
8. Nc3 O-O 9. Bc4 Nd7 10. Rd1 c6 11. O-O Ng6 12. g3 b5 13. Bb3 a5 14. a3 Rb8
15. Bc2 Qe7 16. Nb1 b4 17. h4 Rd8 18. h5 Ngf8 19. Kg2 Ba6 20. Bd3 Bxd3 21. Qxd3
bxa3 22. bxa3 a4 23. Qc4 Nf6 24. Qxc6 Qa7 25. Nc3 Rb3 26. Nd2 Rxa3 27. Nb5 1-0

[Event "13sen.WMH 2003 Senioren"]
[Site "Bad Zwischenahn(17.11.-29.11.2003)"]
[Date "2003.11.29"]
[Round "4"]
[White "Groener, Marga"]
[Black "Daitche, Josef"]
[Result "0-1"]
[WhiteElo "1283"]
[BlackElo "1649"]
[PlyCount "82"]


1. d4 Nf6 2. Nf3 g6 3. c4 d6 4. e3 Bg7 5. Nc3 c6 6. h3 O-O 7. Bd3 Nbd7 8. O-O
Re8 9. Re1 e5 10. dxe5 dxe5 11. e4 Nc5 12. Bc2 Qc7 13. b3 Rd8 14. Qe2 h6 15.
Ba3 Ne6 16. Rad1 Nd4 17. Nxd4 exd4 18. Nb1 Nh5 19. Bc1 Qe7 20. Bd3 Qh4 21. e5
Re8 22. Qe4 Qxe4 23. Rxe4 Bxe5 24. Bxh6 Bf5 25. Ree1 Bxd3 26. Nd2 Bf6 27. g4
Rxe1+ 28. Rxe1 Ng7 29. Ne4 Bxe4 30. Rxe4 Re8 31. f3 Rxe4 32. fxe4 g5 33. Bxg7
Kxg7 34. Kf2 Be5 35. Ke2 Bf4 36. Kd3 Be3 37. Ke2 c5 38. Kd3 Kf6 39. Ke2 Ke5 40.
Kd3 f6 41. Ke2 Kxe4 0-1

[Event "13sen.WMH 2003 Senioren"]
[Site "Bad Zwischenahn(17.11.-29.11.2003)"]
[Date "2003.11.29"]
[Round "4"]
[White "Hesselbarth, Karlheinz"]
[Black "Hellwege, Werner"]
[Result "1/2-1/2"]
[WhiteElo "1720"]
[BlackElo "1887"]
[PlyCount "42"]


1. d4 Nf6 2. c4 e6 3. Nc3 Bb4 4. e3 b6 5. Bd3 Bb7 6. Nf3 O-O 7. O-O d5 8. cxd5
exd5 9. Na4 Nbd7 10. a3 Bd6 11. b4 Ne4 12. Bb2 f5 13. Qb3 Ndf6 14. Rac1 Qe8 15.
Rc2 Kh8 16. Nc3 a6 17. Ne5 Rc8 18. Ne2 Nd7 19. f3 Ng5 20. f4 Ne4 21. Rf3 Ndf6
1/2-1/2

[Event "13sen.WMH 2003 Senioren"]
[Site "Bad Zwischenahn(17.11.-29.11.2003)"]
[Date "2003.11.29"]
[Round "4"]
[White "Hoeschele, Hans-Ulrich"]
[Black "Zotin, Vladimir"]
[Result "1-0"]
[WhiteElo "2080"]
[BlackElo "1882"]
[PlyCount "59"]


1. d4 Nf6 2. c4 c5 3. Nf3 g6 4. Nc3 cxd4 5. Nxd4 Bg7 6. e4 d6 7. Be2 O-O 8. Be3
Nbd7 9. Qd2 a6 10. f3 Qc7 11. Rc1 e6 12. g4 Rd8 13. g5 Ne8 14. f4 b6 15. f5
Bxd4 16. Bxd4 Bb7 17. fxe6 fxe6 18. Bg4 Nf8 19. O-O e5 20. Nd5 Bxd5 21. cxd5
Qb7 22. Qf2 Ng7 23. Bxb6 Rdb8 24. Bc7 Qxb2 25. Qf7+ Kh8 26. Bxb8 Qd4+ 27. Rf2
Rxb8 28. Rc8 Rb1+ 29. Kg2 Qxe4+ 30. Bf3 1-0

[Event "13sen.WMH 2003 Senioren"]
[Site "Bad Zwischenahn(17.11.-29.11.2003)"]
[Date "2003.11.29"]
[Round "4"]
[White "Hohler, Peter"]
[Black "Schneider, Miloca"]
[Result "1-0"]
[WhiteElo "2168"]
[BlackElo "1818"]
[PlyCount "57"]


1. Nf3 d5 2. d4 f5 3. Bf4 Nf6 4. e3 e6 5. Bd3 Bd6 6. O-O O-O 7. Bxd6 Qxd6 8. c4
c6 9. Nbd2 Nbd7 10. cxd5 cxd5 11. Rc1 b6 12. Qc2 a6 13. Qc6 Qxc6 14. Rxc6 Ne8
15. Ne5 Nxe5 16. dxe5 b5 17. Rfc1 Bd7 18. R6c5 g5 19. f4 g4 20. Nb3 Ng7 21. Kf2
Rac8 22. Ke2 Kf7 23. Kd2 Rxc5 24. Rxc5 Rc8 25. Kc3 Rxc5+ 26. Nxc5 Bc8 27. Kb4
Ne8 28. Ka5 Ke7 29. Nxa6 1-0

[Event "13sen.WMH 2003 Senioren"]
[Site "Bad Zwischenahn(17.11.-29.11.2003)"]
[Date "2003.11.29"]
[Round "4"]
[White "Jakoby, Hans"]
[Black "Hippler, Hans-Werner"]
[Result "1-0"]
[WhiteElo "1785"]
[BlackElo "1456"]
[PlyCount "37"]


1. d4 Nf6 2. c4 e6 3. Nf3 Bb4+ 4. Bd2 Bxd2+ 5. Nbxd2 O-O 6. e4 d6 7. Bd3 Nc6 8.
Nb3 Bd7 9. O-O h6 10. Rc1 Rc8 11. Bb1 e5 12. d5 Ne7 13. c5 Bg4 14. Qd3 Bxf3 15.
Qxf3 c6 16. dxc6 Rxc6 17. Rfd1 d5 18. exd5 Nexd5 19. Be4 1-0

[Event "13sen.WMH 2003 Senioren"]
[Site "Bad Zwischenahn(17.11.-29.11.2003)"]
[Date "2003.11.29"]
[Round "4"]
[White "Jessen, Ernst"]
[Black "Bardin, Christian"]
[Result "0-1"]
[WhiteElo "1570"]
[BlackElo "1763"]
[PlyCount "117"]


1. e4 d5 2. exd5 Nf6 3. g3 Qxd5 4. Qf3 Bg4 5. Qxd5 Nxd5 6. c3 e6 7. Bg2 c6 8.
Nf3 Bd6 9. d4 Nd7 10. O-O O-O 11. Re1 Rfe8 12. Nbd2 N7f6 13. Nc4 Bc7 14. Nce5
h6 15. Nxg4 Nxg4 16. h3 Ngf6 17. Ne5 Rad8 18. Bd2 Nb6 19. b3 Nfd7 20. Bf4 Nxe5
21. Bxe5 Bxe5 22. Rxe5 Nd5 23. Bxd5 Rxd5 24. Rae1 Red8 25. Kf1 Kf8 26. f4 b6
27. Kf2 c5 28. dxc5 Rxc5 29. Rxc5 bxc5 30. Ke3 Ke7 31. Re2 g5 32. Rd2 gxf4+ 33.
gxf4 Rg8 34. Kf3 h5 35. b4 cxb4 36. cxb4 Rc8 37. a4 Rc3+ 38. Ke4 Rxh3 39. b5
f5+ 40. Kd4 Ra3 41. Rh2 Rxa4+ 42. Ke3 Ra3+ 43. Kd4 Kd6 44. Rxh5 Ra4+ 45. Ke3
Kc5 46. Rh6 Re4+ 47. Kf3 Kxb5 48. Rh1 a5 49. Rb1+ Kc5 50. Ra1 a4 51. Ra2 Kb4
52. Rb2+ Kc3 53. Rb6 a3 54. Ra6 Kb3 55. Rb6+ Rb4 56. Rxe6 a2 57. Re3+ Ka4 58.
Re5 a1=Q 59. Rxf5 0-1

[Event "13sen.WMH 2003 Senioren"]
[Site "Bad Zwischenahn(17.11.-29.11.2003)"]
[Date "2003.11.29"]
[Round "4"]
[White "Juergens, Peter"]
[Black "Zoltek, Tadeuz"]
[Result "0-1"]
[WhiteElo "1835"]
[BlackElo "2294"]
[PlyCount "78"]


1. d4 Nf6 2. Nf3 d5 3. e3 c5 4. c3 e6 5. Bd3 Nc6 6. Nbd2 Qc7 7. O-O Be7 8. dxc5
Bxc5 9. e4 O-O 10. Qe2 g6 11. exd5 exd5 12. Nb3 Re8 13. Qc2 Bd6 14. Nbd4 Nxd4
15. cxd4 Bg4 16. Qxc7 Bxc7 17. Be3 Bxf3 18. gxf3 Kg7 19. Rac1 Bd6 20. Kg2 a6
21. Rfe1 Rec8 22. f4 h6 23. Kf3 Nd7 24. Rg1 Rxc1 25. Rxc1 f5 26. Bd2 Kf7 27.
Re1 Rc8 28. Rc1 Rxc1 29. Bxc1 Nf8 30. Bc2 Ne6 31. Be3 Nd8 32. h3 Bc7 33. Bb3
Ke6 34. Bc2 Kd6 35. Bd2 Ne6 36. Be3 Kc6 37. h4 h5 38. Bd1 Bd8 39. Kg3 Bf6 0-1

[Event "13sen.WMH 2003 Senioren"]
[Site "Bad Zwischenahn(17.11.-29.11.2003)"]
[Date "2003.11.29"]
[Round "4"]
[White "Kaiser, Hans[35BGladb]"]
[Black "Erbs, Wolfgang"]
[Result "1/2-1/2"]
[WhiteElo "1583"]
[BlackElo "1727"]
[PlyCount "31"]


1. e4 e5 2. Nf3 Nf6 3. Nc3 Nc6 4. d4 exd4 5. Nxd4 Nxd4 6. Qxd4 d6 7. Be2 Be7 8.
O-O O-O 9. Re1 c6 10. Bf3 Bg4 11. Bxg4 Nxg4 12. Bf4 Qb6 13. Qxb6 axb6 14. Rad1
Rfd8 15. h3 Ne5 16. Bxe5 1/2-1/2

[Event "13sen.WMH 2003 Senioren"]
[Site "Bad Zwischenahn(17.11.-29.11.2003)"]
[Date "2003.11.29"]
[Round "4"]
[White "Kerkhoff, Werner"]
[Black "Erdmann, Wolfgang"]
[Result "0-1"]
[WhiteElo "1691"]
[BlackElo "1538"]
[PlyCount "124"]


1. c4 Nf6 2. g3 c6 3. Bg2 d5 4. Nf3 e6 5. O-O Be7 6. b3 Nbd7 7. Bb2 O-O 8. d3
a6 9. Nbd2 b5 10. a3 Bb7 11. b4 bxc4 12. dxc4 c5 13. cxd5 Bxd5 14. bxc5 Nxc5
15. Nd4 Bxg2 16. Kxg2 Qd5+ 17. Kg1 Rab8 18. Bc3 Nfe4 19. Nxe4 Nxe4 20. Be1 Rfd8
21. e3 e5 22. Nf5 Qxd1 23. Nxe7+ Kf8 24. Rxd1 Rxd1 25. Nc6 Rbb1 26. Bb4+ Ke8
27. Rxd1 Rxd1+ 28. Kg2 f6 29. Nb8 Rc1 30. Nxa6 Rc6 31. f3 Rxa6 32. fxe4 Rc6 33.
Kf3 Kf7 34. h4 g6 35. Be1 Rc1 36. Bb4 Ra1 37. Bc5 Rf1+ 38. Ke2 Rb1 39. Bb4 Ke6
40. Kf3 f5 41. exf5+ gxf5 42. e4 Rb3+ 43. Kf2 fxe4 44. g4 Rf3+ 45. Kg2 Rb3 46.
Bf8 Kd5 47. g5 Rf3 48. Bb4 Ke6 49. h5 Kf5 50. Be7 Rf4 51. g6 hxg6 52. hxg6 Kxg6
53. Bc5 Kf5 54. a4 Rg4+ 55. Kf2 e3+ 56. Kxe3 Rxa4 57. Bb6 Ra3+ 58. Ke2 Kf4 59.
Bc5 Rb3 60. Ba7 e4 61. Bc5 Rb2+ 62. Ke1 Kf3 0-1

[Event "13sen.WMH 2003 Senioren"]
[Site "Bad Zwischenahn(17.11.-29.11.2003)"]
[Date "2003.11.29"]
[Round "4"]
[White "Keze, Arnis"]
[Black "Daniel, Wolfgang"]
[Result "0-1"]
[WhiteElo "1824"]
[BlackElo "1930"]
[PlyCount "90"]


1. d4 Nf6 2. Nf3 g6 3. c4 d6 4. Nc3 Nbd7 5. e4 e5 6. Bg5 h6 7. Bh4 Bg7 8. dxe5
dxe5 9. Nd5 g5 10. Nxf6+ Qxf6 11. Bg3 O-O 12. Qc2 Re8 13. Be2 Nf8 14. h4 g4 15.
Nh2 h5 16. f3 Ne6 17. O-O Nd4 18. Qd3 Qb6 19. Rf2 f5 20. c5 Qxc5 21. Qc4+ Qxc4
22. Bxc4+ Kh8 23. exf5 Nxf5 24. Nf1 Nxg3 25. Nxg3 gxf3 26. gxf3 e4 27. Re2 Bd4+
28. Kh2 e3 29. Nxh5 Be6 30. Bd3 Bd5 31. Rf1 Rad8 32. b3 Rd6 33. Rg1 Bxf3 34.
Rc2 Be5+ 35. Kh3 Rxd3 36. Ng3 Rg8 37. Rc5 Rd2 38. Rc4 Bd5 39. Rg4 Be6 40. Nf1
Rxg4 41. Rxg4 Rf2 42. Ng3 e2 43. h5 e1=Q 44. Kh4 Bf6+ 45. Kh3 Qg1 0-1

[Event "13sen.WMH 2003 Senioren"]
[Site "Bad Zwischenahn(17.11.-29.11.2003)"]
[Date "2003.11.29"]
[Round "4"]
[White "Klein, Leo"]
[Black "Schuler, Georg[29Baling]"]
[Result "1-0"]
[WhiteElo "1956"]
[BlackElo "1847"]
[PlyCount "59"]


1. d4 Nf6 2. Bf4 d5 3. e3 g6 4. Bd3 Bg7 5. Nd2 O-O 6. h3 c5 7. c3 Qb6 8. Rb1
Nc6 9. Ngf3 c4 10. Bc2 a5 11. O-O Bd7 12. Ne5 Rad8 13. b3 cxb3 14. Rxb3 Qa7 15.
Qb1 Bc8 16. c4 dxc4 17. Ndxc4 Nb4 18. Ra3 Nc6 19. Nxc6 bxc6 20. Rxa5 Qb7 21.
Qxb7 Bxb7 22. Rb1 Bc8 23. Ne5 Rd6 24. Ba4 Nd5 25. Nxc6 Nxf4 26. Nxe7+ Kh8 27.
Nxc8 Nxh3+ 28. gxh3 Rxc8 29. Ra7 Rf6 30. Rbb7 1-0

[Event "13sen.WMH 2003 Senioren"]
[Site "Bad Zwischenahn(17.11.-29.11.2003)"]
[Date "2003.11.29"]
[Round "4"]
[White "Klopfer, Gert"]
[Black "Assmann, Siegfried"]
[Result "0-1"]
[WhiteElo "1446"]
[BlackElo "1790"]
[PlyCount "64"]


1. d4 d5 2. e3 e6 3. Nf3 Bd6 4. Bd3 f5 5. O-O Nd7 6. Nc3 c6 7. b3 Qe7 8. a4
Ngf6 9. Nb1 O-O 10. Ba3 Ne4 11. Bxd6 Qxd6 12. Bxe4 fxe4 13. Ne5 Nxe5 14. dxe5
Qxe5 15. Nd2 Qg5 16. f4 exf3 17. Rxf3 Bd7 18. Rg3 Qf6 19. Rf3 Qe5 20. Rh3 Rf7
21. Rb1 g6 22. Qe1 Qc3 23. Qd1 e5 24. e4 Bxh3 25. gxh3 Qe3+ 26. Kh1 Rf2 27. Qg4
Qxd2 28. Qe6+ Rf7 29. Rg1 Qf4 30. Rxg6+ hxg6 31. Qxg6+ Rg7 32. Qe6+ Kh8 0-1

[Event "13sen.WMH 2003 Senioren"]
[Site "Bad Zwischenahn(17.11.-29.11.2003)"]
[Date "2003.11.29"]
[Round "4"]
[White "Krause, Armin"]
[Black "Knab, Horst"]
[Result "0-1"]
[WhiteElo "1309"]
[BlackElo "1541"]
[PlyCount "76"]


1. e4 g6 2. Nc3 Bg7 3. Bc4 e6 4. d3 Nc6 5. Be3 Nge7 6. Qf3 O-O 7. Nge2 Ne5 8.
Qg3 Nxc4 9. dxc4 b6 10. Bf4 c6 11. Rd1 Bb7 12. e5 Nf5 13. Qh3 g5 14. Be3 Bxe5
15. Bd4 Nxd4 16. Nxd4 Qf6 17. Nce2 c5 18. Nf3 Bxf3 19. gxf3 Bxb2 20. Rxd7 Rad8
21. Rd3 Rxd3 22. cxd3 Bc3+ 23. Kf1 Be5 24. Rg1 Kh8 25. Rg4 Rg8 26. Ng3 Qg6 27.
Ne4 Bf4 28. Nc3 Qxd3+ 29. Ne2 Qd1+ 30. Kg2 Qxe2 31. Qh5 Rg6 32. Qh3 f5 33. Kg1
fxg4 34. fxg4 Qxc4 35. Qf3 Qd5 36. Qe2 c4 37. Qc2 Bxh2+ 38. Kf1 Qd3+ 0-1

[Event "13sen.WMH 2003 Senioren"]
[Site "Bad Zwischenahn(17.11.-29.11.2003)"]
[Date "2003.11.29"]
[Round "4"]
[White "Krawinkel, Hans-Werner"]
[Black "Kuehn, Peter[38NBrandb]"]
[Result "1/2-1/2"]
[WhiteElo "1756"]
[BlackElo "1882"]
[PlyCount "67"]


1. c4 e5 2. Nc3 d6 3. g3 f5 4. Bg2 c6 5. e3 Nf6 6. d3 Be7 7. Nge2 O-O 8. O-O
Qe8 9. f4 a5 10. a3 Be6 11. Rb1 Nbd7 12. b4 axb4 13. axb4 Rb8 14. b5 c5 15. Qc2
Nb6 16. fxe5 dxe5 17. e4 fxe4 18. Nxe4 Nxe4 19. Rxf8+ Bxf8 20. Bxe4 Qh5 21. Be3
Nd7 22. Rf1 Nf6 23. Bf3 Bg4 24. Kg2 Qh3+ 25. Kg1 Bxf3 26. Rxf3 Ng4 27. Nc1 Qh5
28. h4 Bd6 29. Qe2 Qg6 30. Bd2 e4 31. Qxe4 Qxe4 32. dxe4 Ne5 33. Rc3 Ng4 34.
Bf4 1/2-1/2

[Event "13sen.WMH 2003 Senioren"]
[Site "Bad Zwischenahn(17.11.-29.11.2003)"]
[Date "2003.11.29"]
[Round "4"]
[White "Kuhnert, Werner"]
[Black "Roth, Reinhard"]
[Result "0-1"]
[WhiteElo "1290"]
[BlackElo "1827"]
[PlyCount "106"]


1. d4 d5 2. c4 dxc4 3. Nc3 Nd7 4. e3 Nb6 5. Nf3 e6 6. Nd2 Bd6 7. Nxc4 Nxc4 8.
Bxc4 Nf6 9. Be2 Bd7 10. Bf3 c6 11. Ne4 Nxe4 12. Bxe4 f5 13. Bf3 Qc7 14. g3
O-O-O 15. O-O g5 16. a3 g4 17. Bg2 h5 18. Bd2 h4 19. e4 fxe4 20. Bf4 Bxf4 21.
gxf4 Qxf4 22. Qc1 Qf5 23. Qe3 Qh5 24. Bxe4 g3 25. h3 Rhg8 26. Bg2 gxf2+ 27.
Rxf2 Rg3 28. Qe4 Rdg8 29. Raf1 Qh6 30. Kh2 Qg7 31. Rg1 Qg5 32. Rf4 Rh8 33. Qe5
Qxe5 34. dxe5 Rb3 35. Rf2 Rh5 36. Re1 Rb5 37. Rfe2 Rg5 38. b4 a5 39. bxa5 Rxa5
40. Re3 Be8 41. Bf1 Bg6 42. Bc4 Bf5 43. Rg1 Rxg1 44. Kxg1 Rc5 45. Be2 b5 46.
Bg4 Bxg4 47. hxg4 Rc4 48. Kh2 Rxg4 49. Kh3 Rg3+ 50. Rxg3 hxg3 51. Kxg3 Kc7 52.
Kf3 Kb6 53. Ke3 Kc5 0-1

[Event "13sen.WMH 2003 Senioren"]
[Site "Bad Zwischenahn(17.11.-29.11.2003)"]
[Date "2003.11.29"]
[Round "4"]
[White "Kunze, Manfred"]
[Black "Suchsland, Helmut,Dr."]
[Result "0-1"]
[WhiteElo "1550"]
[BlackElo "1724"]
[PlyCount "90"]


1. c4 e6 2. Nc3 d5 3. cxd5 exd5 4. Nf3 Nf6 5. e3 c5 6. d4 c4 7. a3 a6 8. Bd2
Nc6 9. e4 dxe4 10. Ne5 Qxd4 11. Nxc6 bxc6 12. Be3 Qxd1+ 13. Rxd1 Be6 14. Bg5
Be7 15. g3 Rb8 16. Bc1 Bd5 17. Bg2 h5 18. O-O h4 19. Bg5 hxg3 20. Bxf6 gxf2+
21. Rxf2 Bxf6 22. Nxd5 cxd5 23. Rxd5 Bxb2 24. Bxe4 Bxa3 25. Ra5 Bb4 26. Re5+
Kf8 27. Kg2 Bd6 28. Ref5 Rxh2+ 29. Kg1 Rxf2 30. Kxf2 f6 31. Bd5 c3 32. Ke3 Be5
33. Be4 Rb2 34. Rf1 g5 35. Ra1 c2 36. Bxc2 Rxc2 37. Rxa6 Kf7 38. Ke4 Kg6 39.
Ra8 Re2+ 40. Kf3 Rh2 41. Ra4 Kf5 42. Rc4 g4+ 43. Ke3 g3 44. Kf3 Rf2+ 45. Ke3
Bf4+ 0-1

[Event "13sen.WMH 2003 Senioren"]
[Site "Bad Zwischenahn(17.11.-29.11.2003)"]
[Date "2003.11.29"]
[Round "4"]
[White "Loesche, Heinz"]
[Black "Kruek, Josef"]
[Result "0-1"]
[WhiteElo "1784"]
[BlackElo "1991"]
[PlyCount "108"]


1. c4 Nf6 2. Nc3 e6 3. g3 d5 4. d4 Be7 5. Bg2 c6 6. e3 Nbd7 7. cxd5 cxd5 8. Nf3
O-O 9. O-O a6 10. Bd2 b5 11. Rc1 Bb7 12. Re1 Rc8 13. Re2 Nb6 14. Be1 b4 15. Nb1
Rxc1 16. Qxc1 Qb8 17. Rc2 Rc8 18. Rxc8+ Qxc8 19. Qxc8+ Nxc8 20. Ne5 Na7 21. Bf1
Kf8 22. Nd2 Bd6 23. Nd3 Nd7 24. Nb3 Nc6 25. Nbc5 Bxc5 26. dxc5 a5 27. a3 bxa3
28. bxa3 e5 29. Bc3 f6 30. Bh3 Ke7 31. f3 Ba6 32. Bxd7 Kxd7 33. Nc1 Bc4 34. Kf2
d4 35. exd4 exd4 36. Bd2 Ke6 37. Bf4 Kd5 38. Bd6 a4 39. Ke1 Ne5 40. f4 Nf3+ 41.
Kf2 Nxh2 42. Ne2 Ng4+ 43. Kf3 Bxe2+ 44. Kxe2 Ne3 45. Bf8 g6 46. Be7 f5 47. Kd3
Nf1 48. Bf6 Nxg3 49. Bxd4 Ne4 50. c6 Kxc6 51. Kc4 h5 52. Kb4 h4 53. Kxa4 h3 54.
Bg1 Nd2 0-1

[Event "13sen.WMH 2003 Senioren"]
[Site "Bad Zwischenahn(17.11.-29.11.2003)"]
[Date "2003.11.29"]
[Round "4"]
[White "Luecke, Volkmar"]
[Black "Dirksen, Arno"]
[Result "1/2-1/2"]
[WhiteElo "1878"]
[BlackElo "1678"]
[PlyCount "63"]


1. Nf3 Nf6 2. g3 d5 3. Bg2 e6 4. O-O Bd6 5. d4 c5 6. c4 O-O 7. cxd5 Nxd5 8. e4
Nc7 9. dxc5 Bxc5 10. Qc2 Qe7 11. Nc3 e5 12. Na4 Nca6 13. Bd2 Bd7 14. Rac1 Bd6
15. Rfd1 Bxa4 16. Qxa4 Nc5 17. Qc2 Nc6 18. Bc3 f6 19. b4 Ne6 20. b5 Ncd8 21.
Qb3 Kh8 22. Rc2 Nf7 23. Rcd2 Rad8 24. Bh3 Nc5 25. Qc4 b6 26. Bb4 Nb7 27. Bxd6
Nfxd6 28. Qb4 Nc5 29. Re2 Qf7 30. Rd5 Ndb7 31. Red2 Qc7 32. Bg2 1/2-1/2

[Event "13sen.WMH 2003 Senioren"]
[Site "Bad Zwischenahn(17.11.-29.11.2003)"]
[Date "2003.11.29"]
[Round "4"]
[White "Lundberg, Gunnar"]
[Black "Rettler, Heinz"]
[Result "1-0"]
[WhiteElo "1874"]
[BlackElo "1879"]
[PlyCount "121"]


1. e4 e6 2. d4 d5 3. Nc3 Bb4 4. Bd2 Ne7 5. e5 a6 6. Qg4 Ng6 7. h4 h5 8. Qg3 Be7
9. Nf3 Nd7 10. Bd3 Ndf8 11. Ng5 Bxg5 12. Bxg5 f6 13. Bxf6 gxf6 14. Bxg6+ Nxg6
15. Qxg6+ Kd7 16. Qg7+ Kc6 17. exf6 Qg8 18. Ne2 Qxg7 19. fxg7 Rg8 20. Nf4 Rxg7
21. g3 Rh7 22. Kd2 Bd7 23. Rae1 Kd6 24. Re5 Rf8 25. Rhe1 Rf5 26. R1e3 Rh6 27.
Ke1 a5 28. Nd3 b6 29. Rxf5 exf5 30. Ne5 Be6 31. Nd3 Bd7 32. Nf4 Rh7 33. Re5 c6
34. b3 Rh6 35. Kd2 Rh7 36. Ke3 Rh8 37. Ng6 Rg8 38. Nf4 Rh8 39. Nh3 Rg8 40. Ng5
Rg7 41. Kf4 Rg8 42. Nf7+ Kc7 43. Nh6 Rg6 44. Nxf5 Rg4+ 45. Ke3 Rg8 46. Ke2 Rh8
47. Ne3 Kd6 48. Ng2 c5 49. Nf4 cxd4 50. Rxd5+ Kc7 51. Rxd4 Re8+ 52. Kd2 Bg4 53.
Nd5+ Kc6 54. Ne3 Bf3 55. c3 b5 56. Rf4 Rd8+ 57. Kc2 Be2 58. Rf6+ Kc5 59. Rf5+
Kc6 60. Re5 Rd7 61. c4 1-0

[Event "13sen.WMH 2003 Senioren"]
[Site "Bad Zwischenahn(17.11.-29.11.2003)"]
[Date "2003.11.29"]
[Round "4"]
[White "Lundgren, Bernt"]
[Black "Grabara, Manfred"]
[Result "1-0"]
[WhiteElo "2066"]
[BlackElo "1741"]
[PlyCount "89"]


1. d4 f5 2. Bg5 g6 3. Nd2 Bg7 4. Ngf3 Nf6 5. Bxf6 Bxf6 6. e4 fxe4 7. Nxe4 d6 8.
Bd3 c6 9. c3 O-O 10. h4 d5 11. Nxf6+ exf6 12. h5 Re8+ 13. Kd2 g5 14. Qc2 Qc7
15. Rae1 Be6 16. Re2 Na6 17. Rhe1 Qf7 18. Bxh7+ Qxh7 19. Qxh7+ Kxh7 20. Rxe6
Rxe6 21. Rxe6 g4 22. Nh4 Kh6 23. g3 Rc8 24. Rxf6+ Kxh5 25. Rf5+ Kh6 26. Ke3 Rc7
27. Kf4 Rg7 28. Rf6+ Kh7 29. Nf5 Rd7 30. Kxg4 c5 31. Rd6 Rc7 32. Rxd5 cxd4 33.
Rxd4 Nc5 34. f3 b5 35. Rd5 a6 36. b3 Nb7 37. f4 Kg8 38. Kg5 Rxc3 39. Re5 Nc5
40. Kg6 Kf8 41. Re2 Nd7 42. Re6 Nc5 43. Rc6 Ke8 44. b4 Ne4 45. Re6+ 1-0